| 000 -LEADER |
| fixed length control field |
03319cam a2200373 a 4500 |
| 001 - CONTROL NUMBER |
| control field |
15762787 |
| 003 - CONTROL NUMBER IDENTIFIER |
| control field |
Nust- CAS-E |
| 005 - DATE AND TIME OF LATEST TRANSACTION |
| control field |
20180118181404.0 |
| 008 - FIXED-LENGTH DATA ELEMENTS--GENERAL INFORMATION |
| fixed length control field |
090604s2010 flua b 001 0 eng |
| 010 ## - LIBRARY OF CONGRESS CONTROL NUMBER |
| LC control number |
2009022591 |
| 015 ## - NATIONAL BIBLIOGRAPHY NUMBER |
| National bibliography number |
GBA991300 |
| Source |
bnb |
| 015 ## - NATIONAL BIBLIOGRAPHY NUMBER |
| National bibliography number |
GBA991300 |
| Source |
dnb |
| 016 7# - NATIONAL BIBLIOGRAPHIC AGENCY CONTROL NUMBER |
| Record control number |
015371585 |
| Source |
Uk |
| 020 ## - INTERNATIONAL STANDARD BOOK NUMBER |
| International Standard Book Number |
9781420095173 |
| 020 ## - INTERNATIONAL STANDARD BOOK NUMBER |
| International Standard Book Number |
142009517X |
| 035 ## - SYSTEM CONTROL NUMBER |
| System control number |
(OCoLC)ocn237886117 |
| 040 ## - CATALOGING SOURCE |
| Original cataloging agency |
DLC |
| Transcribing agency |
DLC |
| Modifying agency |
YDX |
| -- |
BTCTA |
| -- |
BAKER |
| -- |
YDXCP |
| -- |
UKM |
| -- |
CDX |
| -- |
BWX |
| -- |
AGL |
| -- |
OKU |
| -- |
UBY |
| -- |
DEBBG |
| -- |
DLC |
| 050 00 - LIBRARY OF CONGRESS CALL NUMBER |
| Classification number |
TP339 |
| Item number |
.B5767 2010 |
| 070 0# - NATIONAL AGRICULTURAL LIBRARY CALL NUMBER |
| Classification number |
TP339 |
| Item number |
.B5767 2010 |
| 082 00 - DEWEY DECIMAL CLASSIFICATION NUMBER |
| Classification number |
662.88 |
| Edition number |
22 |
| Author Mark |
BIO 2010 |
| 245 00 - TITLE STATEMENT |
| Title |
Biomass to renewable energy processes / |
| Statement of responsibility, etc. |
edited by Jay Cheng. |
| 260 ## - PUBLICATION, DISTRIBUTION, ETC. |
| Place of publication, distribution, etc. |
Boca Raton : |
| Name of publisher, distributor, etc. |
CRC Press/Taylor & Francis, |
| Date of publication, distribution, etc. |
c2010. |
| 300 ## - PHYSICAL DESCRIPTION |
| Extent |
xi, 505 p. : |
| Other physical details |
ill. ; |
| Dimensions |
25 cm. |
| 502 ## - DISSERTATION NOTE |
| Dissertation note |
0 |
| 504 ## - BIBLIOGRAPHY, ETC. NOTE |
| Bibliography, etc. note |
Includes bibliographical references and index. |
| 505 0# - FORMATTED CONTENTS NOTE |
| Formatted contents note |
Biomass chemistry / Deepak R. Keshwani -- Biomass resources / Ziyu Wang and Deepak R. Keshwani -- Biomass logistics / Matthew W. Veal -- Kinetics and microbiology of biological processes / Jay J. Cheng -- Anaerobic digestion for biogas production / Jay J. Cheng -- Biological process for ethanol production / Jay J. Cheng -- Biological process for butanol production / Jian-Hang Zhu and Fangxiao Yang -- Chemical conversion process for biodiesel production / Dong-Zhi Wei, Fangxiao Yang, and Erzheng Su -- Thermochemical conversion of biomass to power and fuels / Hasan Jameel ... [et al.]. |
| 520 ## - SUMMARY, ETC. |
| Summary, etc. |
"Continuously increased consumption of fossil fuels, decreased availability of easily accessible fossil fuels, significant contributions to climate change and wildly fluctuating fuels prices have combine to challenge the reliability and sustainability of our current energy supply. A possible solution to this energy challenge, biomass energy production, heavily dependent on sugarcane and corn production, is vulnerable to the fluctuation of the feedstock price. New technologies need to be developed to convert abundant biomass such as lignocellulosic materials into energy products in a cost-effective and environmentally friendly manner. An introduction to fundamental principles and practical applications, Biomass to Renewable Energy Processes explains the theories of biological processes, biomass materials and logistics, and conversion technologies for bioenergy products such as biogas, ethanol, butanol, biodiesel, and synthetic gases. The book discusses anaerobic digestion of waste materials for biogas and hydrogen production, bioethanol and biobutanol production from starch and cellulose, and biodiesel production from plant oils. It addresses thermal processes, including gasification and pyrolysis of agricultural residues and woody biomass. The text also covers pretreatment technologies, enzymatic reactions, fermentation, and microbiological metabolisms and pathways. It explores the engineering principles of biomass gasification and pyrolysis and potential end-products."--Publisher's description. |
| 650 #0 - SUBJECT ADDED ENTRY--TOPICAL TERM |
| Topical term or geographic name entry element |
Biomass energy. |
| 650 #0 - SUBJECT ADDED ENTRY--TOPICAL TERM |
| Topical term or geographic name entry element |
Renewable energy sources. |
| 700 1# - ADDED ENTRY--PERSONAL NAME |
| Personal name |
Cheng, Jay. |
| 906 ## - LOCAL DATA ELEMENT F, LDF (RLIN) |
| a |
7 |
| b |
cbc |
| c |
orignew |
| d |
1 |
| e |
ecip |
| f |
20 |
| g |
y-gencatlg |
| 942 ## - ADDED ENTRY ELEMENTS (KOHA) |
| Source of classification or shelving scheme |
|
| Koha item type |
Book |